[Event "Frankfurt Ch 2008"]
[Site "Ffm-Kalbach, LAZ"]
[Date "2008.05.26"]
[Round "4.64"]
[White "Knott, Tilo"]
[Black "Ortiz-Rodriguez, José"]
[Result "1/2-1/2"]
[WhiteElo "1510"]
[BlackElo "1249"]
[PlyCount "34"]
[EventDate "2008.??.??"]

1. d4 d6 2. Nc3 Nf6 3. Nf3 c6 4. e4 Nbd7 5. Bd3 Qc7 6. Bf4 e5 7. dxe5 Nxe5 8.
Be2 Be7 9. O-O O-O 10. Qd4 Nxf3+ 11. Bxf3 Bg4 12. Bxg4 Nxg4 13. Rad1 Rfd8 14.
Rd3 Ne5 15. Rh3 Ng6 16. Qe3 Qb6 17. Na4 Qb4 1/2-1/2

[Event "Frankfurt Ch 2008"]
[Site "Ffm-Kalbach, LAZ"]
[Date "2008.05.26"]
[Round "4.65"]
[White "Will, Karsten"]
[Black "Truxa, Barbara"]
[Result "0-1"]
[WhiteElo "1429"]
[BlackElo "1248"]
[PlyCount "78"]
[EventDate "2008.??.??"]

1. e4 g6 2. Nf3 Bg7 3. d4 d6 4. Bc4 h6 5. h3 c5 6. dxc5 Qa5+ 7. Nbd2 Qxc5 8.
O-O Nf6 9. Re1 Nbd7 10. Qe2 e5 11. Nb3 Qc7 12. Bd2 Nb6 13. Bb5+ Nfd7 14. Bxd7+
Bxd7 15. Bb4 Nc4 16. c3 a5 17. Ba3 Nxa3 18. bxa3 O-O 19. Qd2 a4 20. Nc1 Be6 21.
Nd3 f5 22. Nb4 fxe4 23. Rxe4 d5 24. Nxd5 Bxd5 25. Qxd5+ Kh7 26. c4 Ra5 27. Qd3
Rd8 28. Qc3 Rc5 29. Rb1 Rcd5 30. Rb4 b5 31. Qb2 bxc4 32. Rbxc4 Rd1+ 33. Kh2 Qa5
34. Rxa4 Qd5 35. Qb3 Qd6 36. Qb2 Rf8 37. Nxe5 Rd2 38. Qb5 Rfxf2 39. Ra6 Rxg2+
0-1

[Event "Frankfurt Ch 2008"]
[Site "Ffm-Kalbach, LAZ"]
[Date "2008.05.26"]
[Round "4.66"]
[White "Richter, Edgar"]
[Black "Bongardt, Torsten"]
[Result "1-0"]
[WhiteElo "1246"]
[BlackElo "1417"]
[PlyCount "44"]
[EventDate "2008.??.??"]

1. d4 Nf6 2. Nf3 e6 3. g3 d5 4. Bg2 Bd6 5. b3 O-O 6. Bb2 c5 7. Nbd2 Nc6 8. O-O
Re8 9. c4 cxd4 10. Nxd4 Nxd4 11. Bxd4 dxc4 12. Nxc4 Be7 13. e3 Rb8 14. Qc2 Nd7
15. Bxa7 Ra8 16. Bd4 Qc7 17. Rac1 Ra6 18. Qe2 Bc5 19. Bxc5 Nxc5 20. Rfd1 Qe7
21. Rc2 Ra7 22. Nd6 Rd8 1-0